000 00364nam a2200145Ia 4500
008 230312s9999||||xx |||||||||||||| ||und||
020 _a1-861002-22-x
082 _a005.276
_bABL-P
100 _aAndrews;Jean
245 0 _aA+ Guide to Managing & Maintaining your Pc
260 _bWrox
_aUSA
_c1999
300 _a1081
650 _aComputer
_vComputer
942 _cBK
999 _c15428
_d15428